000 00929nam0a22002651 4500
001 rc\2815315
005 20250806211005.0
035 _a(NLR Aleph) 006941084
090 _a16800
_c16800
100 _a20110915d1945 u y0rusy50 ca
101 0 _arus
102 _aRU
105 _ay z |||||
200 1 _aИспания
_e(Справка)
_fМайор В. Медов
210 _a[Москва]
_c1-я типолит. УВМИ
_d[1945]
215 _a8 с., без обл., тит. л.
_d17 см.
225 1 _aВ помощь слушателям школ партактива
_fГлав. полит. упр. Воен.-Мор. флота
700 1 _aМедов
_bВ.С.
_gВасилий Семенович
801 0 _aRU
_bNLR
_gpsbo
801 1 _aRU
_bELAR
_2rusmarc
852 _aNLR
_jИ62 Г-2/1
942 _cBOOK
945 _aРоссийская национальная библиотека
980 _aNB
980 _aBV